Statystyki dla Hollywood Undead - Wszystkie piosenki

Kliknij tutaj aby rozwiązać quiz!

Ogólne statystyki

  • Ten quiz został rozwiązany 15 razy
  • Średni wynik to 49 z 112

Statystyki odpowiedzi

Tytuł piosenki% Poprawnych
Everywhere I Go
100%
Another Way Out
90%
Bullet
90%
Day Of The Dead
90%
We Are
90%
Been To Hell
80%
California
80%
City
80%
Hear Me Now
80%
Lion
80%
Medicine
80%
No. 5
80%
Undead
80%
Young
80%
Already Dead
70%
Gravity
70%
How We Roll
70%
Paradise Lost
70%
Party By Myself
70%
Rain
70%
Riot
70%
Time Bomb
70%
Apologize
60%
Bitches
60%
Black Dahlia
60%
Circles
60%
Ghost
60%
Gotta Let Go
60%
I Don't Wanna Die
60%
Mother Murder
60%
Pigskin
60%
The Loss
60%
War Child
60%
Another Level
50%
Bang Bang
50%
Bloody Nose
50%
Bottle And A Gun
50%
California Dreaming
50%
Comin' In Hot
50%
Delish
50%
Empire
50%
Guzzle, Guzzle
50%
Knife Called Lust
50%
Levitate
50%
Nightmare
50%
One More Bottle
50%
Pour Me
50%
S.C.A.V.A
50%
Street Dreams
50%
Take Me Home
50%
Tendencies
50%
The Diary
50%
This Love, This Hate
50%
Black Cadillac
40%
Cashed Out
40%
Coming Back Down
40%
Dead Bite
40%
El Urgencia
40%
Fuck The World
40%
I Am
40%
I'll Be There
40%
Medicate
40%
Nobody's Watching
40%
No Other Place
40%
Outside
40%
Save Me
40%
Sell Your Soul
40%
Sing
40%
The Kids
40%
The Natives
40%
Coming Home
30%
Comin' Thru The Stereo
30%
Dove and Grenade
30%
From The Ground
30%
Ghost Beach
30%
Kill Everyone
30%
Live Fast Die Young
30%
Lump Your Head
30%
New Day
30%
Pain
30%
Pray
30%
Tear It Up
30%
Up In Smoke
30%
Usual Suspects
30%
We Own The Night
30%
Your Life
30%
Broken Record
20%
Dark Places
20%
Disease
20%
Does Everybody In The World Have To Die
20%
Enemy
20%
Gangsta Sexy
20%
Gonna Be OK
20%
Idol
20%
La Deux
20%
Live Forever
20%
Monsters
20%
Pimpin'
20%
Upside Down
20%
Christmas In Hollywood
10%
Heart Of A Champion
10%
Killin It
10%
My Town
10%
Renegade
10%
Second Changes
10%
Something to Believe
10%
Wherever It Takes
10%
Ghost Out
0%
Glory
0%
Let Go
0%
Unholy
0%
Worth It
0%

Rozkład punktacji

Percentyl według liczby udzielonych odpowiedzi

Procent ludzi z każdym wynikiem

Twoja historia wyników

Nie rozwiązałeś tego quizu